000 00300nam a22001217a 4500
020 _a9693509870
082 _a320.95491
100 _aHamid Yusuf
245 _aPakistan:a study of political developments 1947-97
260 _aLahore
_bSange meel publications
_c1999.
300 _a274p
942 _cBK
999 _c2708
_d2708